| 000 | 00360nam a22001337a 4500 | ||
|---|---|---|---|
| 082 |
_a297.4 _bA |
||
| 245 |
_aAuraq-e-Hiqmat / _cEdited by Asif Javed Azeemi |
||
| 260 |
_aKarachi : _bAzeemi University Press, _c2017. |
||
| 300 |
_a275 p. ; _c28 cm. |
||
| 563 | _aHBK. | ||
| 650 |
_aتصوف _9113847 |
||
| 880 |
_6245-02\r _aاوراق حکمت |
||
| 942 |
_2ddc _cBK |
||
| 999 |
_c595045 _d595045 |
||